The revised rules of court in the philippines: (Record no. 363916)
[ view plain ]
| 000 -LEADER | |
|---|---|
| fixed length control field | 00356nam a2200109Ia 4500 |
| 008 - FIXED-LENGTH DATA ELEMENTS--GENERAL INFORMATION | |
| fixed length control field | 200626s9999 xx 000 0 und d |
| 020 ## - INTERNATIONAL STANDARD BOOK NUMBER | |
| International Standard Book Number | 971-16-0494-9 |
| 245 #4 - TITLE STATEMENT | |
| Title | The revised rules of court in the philippines: |
| Remainder of title | As amended up to september 11, 2001:/ |
| 250 ## - EDITION STATEMENT | |
| Edition statement | 10th ed. |
| 260 ## - PUBLICATION, DISTRIBUTION, ETC. (IMPRINT) | |
| Place of publication, distribution, etc | Manila: |
| Name of publisher, distributor, etc | Central Book Supply, Inc. |
| Date of publication, distribution, etc | 2002 |
| 300 ## - PHYSICAL DESCRIPTION | |
| Extent | lxiv, 913 pages |
| Withdrawn status | Lost status | Source of classification or shelving scheme | Damaged status | Home library | Current library | Shelving location | Date acquired | Source of acquisition | Total Checkouts | Full call number | Barcode | Date last seen | Price effective from | Koha item type |
|---|---|---|---|---|---|---|---|---|---|---|---|---|---|---|
| Library of Congress Classification | Southville International School Affiliated with Foreign Universities Library | Southville International School Affiliated with Foreign Universities Library | Southville Foreign University Section | 06/27/2020 | Donation | KPM 68 .R935 2002 | SFU2690 | 06/27/2020 | 06/27/2020 | Books |